000 01340nam a2200229Ia 4500
003 Ost
005 20260416102357.0
008 260416s9999||||xx |||||||||||||| ||und||
040 _cfsecg
041 _aara
082 _a350.1
100 _aموترفي، أمال
_eمؤلف
245 0 _a الإدارة الإستراتيجية للموارد البشرية :
_bمحاضرات موجهة لطلبة الثالثة ليسانس في علوم التسيير تخصص إدارة الموارد البشرية /
_c أمال موترفي
260 _aالجزائر
_bجامعة الجزائر3: كلية العلوم الإقتصادية، العلوم التجارية وعلوم التسيير
_c2021
300 _a127 ورقة
_bايضاحات
_c30 سم
504 _aمراجع ص.127
520 _aمدخل الى إدارة الموارد البشرية، سياسة التوظيف داخل المنظمة، سياسة تكوين و تنمية الموارد البشرية، سياسة الأجور، تسيير المسارات المهنية.
653 _aإدارة الأفراد
653 _aادارة الموارد البشرية
710 _aجامعة الجزائر3: كلية العلوم الإقتصادية، العلوم التجارية وعلوم التسيير
_eناشر علمي
942 _cHANDOUT
999 _c41257
_d41257